[Event "ICS rated blitz match"]
[Site "204.178.125.65"]
[Date "1999.08.10"]
[Round "?"]
[White "blunite"]
[Black "Hossa"]
[Result "0-1"]
[WhiteElo "2214"]
[BlackElo "2463"]
[PlyCount "86"]
[EventDate "1999.??.??"]

1. d4 e6 2. Nf3 d5 3. Nbd2 c5 4. e3 Nc6 5. c3 Bd6 6. Bd3 e5 7. dxc5 Bxc5 8. e4
Bg4 9. O-O Nge7 10. h3 Bxf3 11. Qxf3 O-O 12. exd5 Qxd5 13. Ne4 Rad8 14. Nxc5
Qxf3 15. gxf3 b6 16. Bxh7+ Kxh7 17. Ne4 Ng6 18. Kg2 Kg8 19. Be3 f5 20. Ng5 f4
21. Bc1 Rf5 22. Ne4 Nh4+ 23. Kh1 Nxf3 24. Kg2 Rd3 25. b3 Ng5 26. Nxg5 Rxg5+ 27.
Kh2 Rxc3 28. Bb2 Rc2 29. Ba3 f3 30. Rac1 Rg2+ 31. Kh1 Rxa2 32. Rxc6 Rxa3 33.
Rc7 Ra2 34. Re7 Rgxf2 35. Rxf2 Rxf2 36. Rxe5 Rf1+ 37. Kh2 Rb1 38. Kg3 Rxb3 39.
Re7 a5 40. h4 b5 41. h5 a4 42. h6 gxh6 43. Ra7 43... h5 {blunite resigns} 0-1

[Event "ICS rated blitz match"]
[Site "204.178.125.65"]
[Date "1999.08.10"]
[Round "?"]
[White "Hossa"]
[Black "blunite"]
[Result "1-0"]
[WhiteElo "2469"]
[BlackElo "2208"]
[PlyCount "89"]
[EventDate "1999.??.??"]

1. d4 Nf6 2. c4 e6 3. Nc3 Bb4 4. Bg5 c5 5. d5 h6 6. Bd2 O-O 7. a3 Ba5 8. Rb1
Na6 9. e3 d6 10. Bd3 Re8 11. Nge2 exd5 12. cxd5 Rb8 13. O-O Bxc3 14. Nxc3 Nc7
15. e4 b6 16. f3 a6 17. Rc1 b5 18. Re1 Bb7 19. Be3 Qd7 20. Qd2 Rbd8 21. Bxh6
gxh6 22. Qxh6 Qe7 23. Bc2 Rf8 24. Bb1 Nce8 25. Bd3 Qe5 26. Re3 Qh5 27. Qf4 c4
28. Be2 Qg6 29. Bf1 Ng7 30. Re2 Rfe8 31. Rb1 Nfh5 32. Qh4 f6 33. Ree1 Qg5 34.
Qf2 Nf4 35. g3 Nd3 36. Bxd3 cxd3 37. Red1 f5 38. Rxd3 fxe4 39. Nxe4 Qg6 40. Rc1
Re7 41. Qb6 Red7 42. Rc7 Ba8 43. Rxd7 Rxd7 44. Qb8+ Qe8 45. Nf6+ {
blunite resigns} 1-0

[Event "ICS rated blitz match"]
[Site "204.178.125.65"]
[Date "1999.08.10"]
[Round "?"]
[White "libertad"]
[Black "Hossa"]
[Result "0-1"]
[WhiteElo "2208"]
[BlackElo "2481"]
[PlyCount "60"]
[EventDate "1999.??.??"]

1. e4 e6 2. d4 d5 3. Nc3 Bb4 4. e5 Ne7 5. Nf3 c5 6. a3 cxd4 7. Nxd4 Bxc3+ 8.
bxc3 O-O 9. Bd3 Qc7 10. O-O Qxe5 11. Re1 Qf6 12. Re3 e5 13. Rf3 Bg4 14. Be2
Bxf3 15. Nxf3 Nbc6 16. Bg5 Qe6 17. c4 dxc4 18. Qd2 f6 19. Be3 Rad8 20. Qc3 b5
21. a4 Nd5 22. Qb2 Nxe3 23. fxe3 b4 24. c3 b3 25. a5 Qd5 26. a6 Kh8 27. h4 Qe4
28. Kf2 Ne7 29. Ra4 Nf5 30. Rxc4 30... Qc2 {libertad resigns} 0-1

[Event "ICS rated blitz match"]
[Site "204.178.125.65"]
[Date "1999.08.10"]
[Round "?"]
[White "Hossa"]
[Black "zhora"]
[Result "1-0"]
[WhiteElo "2487"]
[BlackElo "2162"]
[PlyCount "115"]
[EventDate "1999.??.??"]

1. d4 c5 2. d5 e5 3. e4 d6 4. Bb5+ Bd7 5. Bxd7+ Nxd7 6. Ne2 Ne7 7. O-O Ng6 8.
f4 exf4 9. Nxf4 Be7 10. Nxg6 hxg6 11. c4 Ne5 12. Bf4 Bf6 13. Na3 a6 14. Qa4+
Ke7 15. Qb3 Rb8 16. Rad1 Qd7 17. Qe3 Ng4 18. Qe2 Bd4+ 19. Rxd4 cxd4 20. Qd3 Ne3
21. Bxe3 dxe3 22. Qxe3 f6 23. Qg3 g5 24. Qf2 Rh4 25. Qf3 Qg4 26. Re1 Qxf3 27.
gxf3 Rf4 28. Kg2 Rh8 29. Kg3 Rfh4 30. Rh1 Rh3+ 31. Kg2 f5 32. exf5 Kf6 33. Nc2
R3h4 34. Ne3 Re8 35. Kf2 Rd4 36. Re1 Rd2+ 37. Re2 Rxe2+ 38. Kxe2 Ke5 39. Kd3
Kf4 40. Nc2 Kxf3 41. Nd4+ Kf4 42. Ne6+ Ke5 43. Nxg5 Kxf5 44. Nf7 Rh8 45. Nxh8
Kg4 46. Ke4 Kh3 47. Nf7 Kxh2 48. Nxd6 Kg2 49. Nxb7 Kf2 50. c5 Ke2 51. d6 Kd2
52. d7 Kc2 53. b4 Kb2 54. d8=Q Kxa2 55. Qa5+ Kb2 56. Qxa6 Kc3 57. Qa3+ Kc4 58.
Nd6# {zhora checkmated} 1-0

[Event "ICS rated blitz match"]
[Site "204.178.125.65"]
[Date "1999.08.10"]
[Round "?"]
[White "zhora"]
[Black "Hossa"]
[Result "0-1"]
[WhiteElo "2158"]
[BlackElo "2491"]
[PlyCount "126"]
[EventDate "1999.??.??"]

1. e4 e6 2. Qe2 Bc5 3. c3 e5 4. Nf3 Qf6 5. b4 Bb6 6. a4 a5 7. b5 d6 8. g3 Ne7
9. Bg2 Bg4 10. h3 Bxf3 11. Bxf3 O-O 12. O-O Qg6 13. Bg2 Qxg3 14. d4 Qh4 15. Be3
f5 16. dxe5 dxe5 17. Bxb6 cxb6 18. exf5 Rxf5 19. Qg4 Qxg4 20. hxg4 Rf4 21. f3
Nd7 22. Nd2 Nd5 23. Ne4 Nc5 24. Nxc5 bxc5 25. Rfe1 Nxc3 26. Rxe5 b6 27. Rc1
Nxa4 28. Kh2 Rd8 29. Kg3 Rdd4 30. Rce1 Nc3 31. Re8+ Rf8 32. R8e6 Rb8 33. Re8+
Rxe8 34. Rxe8+ Kf7 35. Rb8 Rd6 36. Rb7+ Kf6 37. f4 Ne2+ 38. Kf3 Nd4+ 39. Kg3 h6
40. Kh4 g6 41. g5+ hxg5+ 42. fxg5+ Ke5 43. Re7+ Kf4 44. Rf7+ Nf5+ 45. Kh3 Kxg5
46. Be4 Kf4 47. Bc6 Rd3+ 48. Kh2 Rd2+ 49. Kh3 g5 50. Bf3 g4+ 51. Bxg4 Rd3+ 52.
Kg2 Kxg4 53. Rb7 Rd2+ 54. Kf1 Kf3 55. Ke1 Re2+ 56. Kd1 Ne3+ 57. Kc1 Nd5 58.
Rf7+ Ke4 59. Rf8 Kd4 60. Rf3 Kc4 61. Kd1 Nc3+ 62. Kc1 Kb3 63. Rf1 63... Rc2# {
zhora checkmated} 0-1

[Event "ICS Rated blitz match"]
[Site "204.178.125.65"]
[Date "1999.08.10"]
[Round "?"]
[White "Hossa"]
[Black "MissSilicon"]
[Result "0-1"]
[WhiteElo "2495"]
[BlackElo "2633"]
[PlyCount "92"]
[EventDate "1999.??.??"]

1. d4 f5 2. c4 e6 3. e3 Nf6 4. Bd3 Nc6 5. Ne2 Nb4 6. b3 Nxd3+ 7. Qxd3 Be7 8.
O-O b6 9. Ba3 Bxa3 10. Nxa3 Bb7 11. Nb5 O-O 12. Rac1 Ne4 13. f3 a6 14. Nbc3
Nxc3 15. Qxc3 Qe7 16. a4 d5 17. a5 Rad8 18. cxd5 exd5 19. Nf4 bxa5 20. Rfe1 c6
21. Qxa5 Rd6 22. Qc5 Re8 23. Qc2 Qg5 24. Qf2 Rh6 25. Rc5 Qe7 26. Re2 g5 27. Qg3
Kh8 28. Nh3 Re6 29. Rc3 h6 30. f4 Qb4 31. Qe1 a5 32. Qc1 Ba6 33. Rb2 c5 34. Rd2
g4 35. dxc5 gxh3 36. Qb2 Qb5 37. Rc1+ Kh7 38. Qc2 hxg2 39. Qxf5+ Kh8 40. Kxg2
Qxb3 41. Qxd5 Bb7 42. c6 Rg8+ 43. Kh1 Qxe3 44. Rf1 Qxd2 45. Rg1 Qxd5+ 46. Rg2
46... Qxg2# {Hossa checkmated} 0-1

[Event "ICS rated blitz match"]
[Site "204.178.125.65"]
[Date "1999.08.10"]
[Round "?"]
[White "Warwick"]
[Black "Hossa"]
[Result "1-0"]
[WhiteElo "2321"]
[BlackElo "2485"]
[PlyCount "58"]
[EventDate "1999.??.??"]

1. e4 e6 2. d4 d5 3. Nd2 c5 4. exd5 exd5 5. Bb5+ Nc6 6. Ngf3 Qe7+ 7. Be2 Bf5 8.
dxc5 Qxc5 9. c3 Be7 10. Nb3 Qd6 11. Nfd4 Be4 12. f3 Bh4+ 13. g3 Bxg3+ 14. hxg3
Qxg3+ 15. Kf1 Bg6 16. Nc5 Nge7 17. Nxb7 Rb8 18. Nxc6 Rxb7 19. Nxe7 Rxe7 20.
Qa4+ Rd7 21. Bf4 Bc2 22. Qxd7+ Kxd7 23. Bb5+ Kc8 24. Bxg3 Kb7 25. Re1 Kb6 26.
Be8 Bd3+ 27. Kg2 a5 28. Bxf7 Rd8 29. Re6+ 29... Kb7 {Hossa resigns} 1-0

[Event "ICS rated blitz match"]
[Site "204.178.125.65"]
[Date "1999.08.10"]
[Round "?"]
[White "corruptor"]
[Black "Hossa"]
[Result "1-0"]
[WhiteElo "2677"]
[BlackElo "2462"]
[PlyCount "115"]
[EventDate "1999.??.??"]

1. d4 e6 2. c4 d5 3. Nc3 Nf6 4. Bg5 Bb4 5. Qc2 dxc4 6. e3 b5 7. Be2 Bb7 8. Nf3
O-O 9. O-O a6 10. a4 c6 11. Ne5 h6 12. Bf4 Nd5 13. Bg3 Nd7 14. Ne4 Nxe5 15.
Bxe5 Qe7 16. Rfc1 f6 17. Bg3 e5 18. dxe5 fxe5 19. Bg4 a5 20. Rd1 Rad8 21. Nc3
Bxc3 22. bxc3 Ra8 23. Rdb1 Qe8 24. Be2 Ra7 25. Rd1 Qe7 26. Rab1 Qc5 27. Ra1 Ba8
28. Bg4 Qe7 29. Rdb1 b4 30. cxb4 axb4 31. Qxc4 e4 32. a5 Bb7 33. a6 Ba8 34. Rd1
Kh8 35. Rd4 Qf6 36. Ra5 Qd8 37. Qc5 b3 38. Bd1 b2 39. Bc2 Rd7 40. Ra2 Re8 41.
Rxb2 Nf6 42. Rb8 Rxd4 43. exd4 Qd7 44. Qe5 Rc8 45. Bh4 Rxb8 46. Qxb8+ Qe8 47.
a7 g5 48. Bg3 e3 49. Bg6 e2 50. f3 Qg8 51. Bf7 Kg7 52. Bxg8 e1=R+ 53. Bxe1 c5
54. Qxa8 c4 55. Qb7+ Kh8 56. Bxc4 g4 57. a8=Q+ Ng8 58. Qxg8# {Hossa checkmated}
1-0

[Event "ICS rated blitz match"]
[Site "204.178.125.65"]
[Date "1999.08.10"]
[Round "?"]
[White "corruptor"]
[Black "Hossa"]
[Result "1-0"]
[WhiteElo "2612"]
[BlackElo "2467"]
[PlyCount "153"]
[EventDate "1999.??.??"]

1. d4 e6 2. c4 d5 3. Nc3 Nf6 4. Bg5 Bb4 5. Qc2 dxc4 6. e3 b5 7. Be2 Bb7 8. Nf3
Nbd7 9. O-O Bxc3 10. bxc3 a6 11. a4 O-O 12. axb5 axb5 13. Rxa8 Bxa8 14. Nd2 e5
15. dxe5 Nxe5 16. Ra1 Qd5 17. Bf1 Neg4 18. Bf4 Qc5 19. Ra5 Qb6 20. Qa2 Bb7 21.
h3 Nxf2 22. Kxf2 Nd5 23. Kg3 Nxc3 24. Qa1 Nd5 25. Nf3 c5 26. Ne5 Rd8 27. Kh2 f6
28. Ng4 Nb4 29. Kg1 Rd7 30. Bg3 Be4 31. Bh4 Nc2 32. Qc3 Rf7 33. Nf2 Bb7 34. Ra2
Nb4 35. Ra1 Rd7 36. Ng4 Rd6 37. Bg3 Rd8 38. Bf4 Be4 39. Be2 Qc6 40. Bf1 Rd7 41.
Bg3 Bf5 42. Qa3 Rd8 43. Qa5 Rc8 44. Be2 Be4 45. Bf1 Qe8 46. Rd1 Bc2 47. Re1 Bf5
48. Bf4 Bxg4 49. hxg4 Kh8 50. g5 f5 51. Rd1 Kg8 52. Qa7 Rc6 53. Be5 Rg6 54.
Qxc5 Nc2 55. Rd5 Re6 56. Bd4 f4 57. Qxb5 Qxb5 58. Rxb5 fxe3 59. Be5 Na3 60. Ra5
Kf7 61. Ra7+ Kg6 62. Rxg7+ Kf5 63. Bb2 e2 64. Bxe2 Rxe2 65. Bxa3 c3 66. Rxh7
Re1+ 67. Kf2 Ra1 68. Rf7+ Kg4 69. g6 Rxa3 70. g7 Ra8 71. Rf8 Ra2+ 72. Ke3 Ra5
73. g8=Q+ Kh5 74. Qh7+ Kg5 75. Rg8+ Kf6 76. Rg6+ Ke5 77. Qh5# {Hossa checkmated
} 1-0

[Event "ICS rated blitz match"]
[Site "204.178.125.65"]
[Date "1999.08.10"]
[Round "?"]
[White "Hossa"]
[Black "corruptor"]
[Result "0-1"]
[WhiteElo "2464"]
[BlackElo "2642"]
[PlyCount "120"]
[EventDate "1999.??.??"]

1. d4 d5 2. c4 dxc4 3. e4 e5 4. Nf3 Bb4+ 5. Bd2 Bxd2+ 6. Nbxd2 exd4 7. Bxc4 Nc6
8. O-O Qf6 9. e5 Qg6 10. Bb5 Bg4 11. Qa4 Nge7 12. Qxd4 O-O 13. Qf4 Rad8 14.
Rad1 Rfe8 15. Rfe1 Qf5 16. Qxf5 Bxf5 17. a3 a6 18. Bxc6 Nxc6 19. h3 Rd5 20. g4
Bg6 21. Rc1 Red8 22. Nc4 Bd3 23. Ne3 Rb5 24. Nd1 a5 25. Ng5 Rbd5 26. f4 h6 27.
Nf3 R8d7 28. Nc3 Nd4 29. Nd2 Rc5 30. Re3 Bb5 31. Rd1 Nc2 32. Rg3 Bc6 33. Ndb1
Rxd1+ 34. Nxd1 g5 35. f5 Rxe5 36. Nbc3 b5 37. Rd3 b4 38. axb4 axb4 39. Nb1 Kg7
40. Rd2 Ne3 41. Nf2 Nc4 42. Rc2 Re1+ 43. Kh2 Bd5 44. Nd3 Rxb1 45. Nxb4 Ne3 46.
f6+ Kxf6 47. Rf2+ Ke5 48. Nxd5 Kxd5 49. Kg3 c5 50. Rd2+ Ke4 51. Rf2 Rh1 52.
Rxf7 Rg1+ 53. Kh2 Rg2+ 54. Kh1 Rxb2 55. Rf6 c4 56. Rxh6 Kf3 57. Rc6 Rb1+ 58.
Kh2 Nf1+ 59. Kh1 Ng3+ 60. Kh2 60... Rh1# {Hossa checkmated} 0-1

[Event "ICS rated blitz match"]
[Site "204.178.125.65"]
[Date "1999.08.10"]
[Round "?"]
[White "Hossa"]
[Black "blunite"]
[Result "1-0"]
[WhiteElo "2461"]
[BlackElo "2242"]
[PlyCount "85"]
[EventDate "1999.??.??"]

1. d4 Nf6 2. c4 e6 3. Nc3 Bb4 4. Bg5 c5 5. d5 h6 6. Bd2 O-O 7. a3 Bxc3 8. Bxc3
Ne4 9. Rc1 d6 10. e3 exd5 11. Qxd5 Nxc3 12. Rxc3 Nc6 13. e4 Be6 14. Qd2 Qb6 15.
Ne2 Rfe8 16. Nf4 Rad8 17. Be2 a5 18. O-O Nd4 19. Rd1 a4 20. Bh5 Qc6 21. Nxe6
Rxe6 22. Qf4 Rf6 23. Qg4 Re8 24. Rg3 g6 25. Re3 Re5 26. Qh4 Kg7 27. Bf3 Nxf3+
28. Rxf3 Rxf3 29. gxf3 Qd7 30. Qf4 Qe7 31. Qe3 f5 32. Re1 g5 33. Qd3 f4 34. Rd1
Re6 35. Qc3+ Kg6 36. Qa5 Qe8 37. Rd5 h5 38. Qc7 Qc6 39. Qd8 Qxd5 40. cxd5 Rf6
41. Qe8+ Kh6 42. e5 dxe5 43. d6 {blunite resigns} 1-0

[Event "ICS rated blitz match"]
[Site "204.178.125.65"]
[Date "1999.08.10"]
[Round "?"]
[White "brutus"]
[Black "Hossa"]
[Result "0-1"]
[WhiteElo "2061"]
[BlackElo "2468"]
[PlyCount "76"]
[EventDate "1999.??.??"]

1. e4 e6 2. d4 d5 3. Nc3 Bb4 4. e5 Ne7 5. a3 Bxc3+ 6. bxc3 O-O 7. Nf3 f6 8. Bd3
Nd7 9. Bf4 c5 10. O-O c4 11. Be2 Ng6 12. Bg3 fxe5 13. Nxe5 Ngxe5 14. Bxe5 Nxe5
15. dxe5 Qg5 16. Qd4 Rf4 17. Qe3 Qf5 18. Bf3 Bd7 19. Rfe1 Ba4 20. Re2 Bxc2 21.
Rc1 Be4 22. Bxe4 Rxe4 23. Qd2 Rxe5 24. Rce1 Rxe2 25. Qxe2 Re8 26. g3 e5 27. Qe3
b6 28. f4 e4 29. Qd4 Qh5 30. Rd1 Rd8 31. Re1 Rf8 32. Rd1 Rf5 33. a4 Qe2 34. a5
Rh5 35. Rd2 Qe1+ 36. Kg2 e3 37. Rd1 Qf2+ 38. Kh1 38... Rxh2# {brutus checkmated
} 0-1

[Event "ICS rated blitz match"]
[Site "204.178.125.65"]
[Date "1999.08.10"]
[Round "?"]
[White "Hossa"]
[Black "brutus"]
[Result "1-0"]
[WhiteElo "2471"]
[BlackElo "2058"]
[PlyCount "109"]
[EventDate "1999.??.??"]

1. d4 Nf6 2. c4 e6 3. Nc3 d5 4. Bg5 Be7 5. e3 O-O 6. Nf3 h6 7. Bxf6 Bxf6 8. Bd3
dxc4 9. Bxc4 b6 10. O-O Bb7 11. Rc1 Nd7 12. e4 e5 13. d5 a5 14. Bb5 Nc5 15. Qe2
Qd6 16. Na4 Nxa4 17. Bxa4 Ba6 18. Bb5 Bxb5 19. Qxb5 Rae8 20. Rc6 Qd7 21. Rxb6
Qg4 22. Rb7 Qxe4 23. Re1 Qg4 24. Rxc7 e4 25. Nd2 Qf4 26. Rc2 Rb8 27. Qxa5 Rxb2
28. Rxb2 Bxb2 29. Rxe4 Qf6 30. Qb5 Rc8 31. Re8+ Rxe8 32. Qxe8+ Kh7 33. Qe2 Bc3
34. Ne4 Qd4 35. Qc2 g6 36. Nxc3 Qe5 37. Qd2 Qd6 38. f4 Kg7 39. Qd4+ Kh7 40. g3
Kg8 41. Qe5 Qc5+ 42. Kg2 Qc4 43. Qf6 Qd3 44. a4 Qd2+ 45. Kh3 Qc1 46. d6 Qf1+
47. Kg4 Qd3 48. a5 h5+ 49. Kg5 Qf5+ 50. Qxf5 gxf5 51. Kf6 Kf8 52. d7 Kg8 53.
d8=Q+ Kh7 54. Kxf7 h4 55. Qxh4# {brutus checkmated} 1-0

[Event "ICS rated blitz match"]
[Site "204.178.125.65"]
[Date "1999.08.10"]
[Round "?"]
[White "Hossa"]
[Black "sicillianknight"]
[Result "1/2-1/2"]
[WhiteElo "2477"]
[BlackElo "2866"]
[PlyCount "145"]
[EventDate "1999.??.??"]

1. d4 Nf6 2. c4 e6 3. Nc3 Bb4 4. Bg5 h6 5. Bh4 c5 6. d5 d6 7. Rc1 exd5 8. cxd5
g5 9. Bg3 Ne4 10. Qd3 Bf5 11. Qb5+ Qd7 12. e3 Nxg3 13. hxg3 Be4 14. Qc4 Qf5 15.
Rd1 Nd7 16. f3 Bc2 17. Rd2 Bb1 18. e4 Qe5 19. Nge2 O-O-O 20. Qb3 f5 21. Nxb1
fxe4 22. Nbc3 exf3 23. gxf3 Qe3 24. Bg2 Ne5 25. a3 Ba5 26. Rf1 Kb8 27. Qb5 Bxc3
28. bxc3 Rhe8 29. Kd1 a6 30. Qa4 Ka7 31. Kc1 b5 32. Qe4 Nc4 33. Qxe3 Rxe3 34.
Ra2 Nxa3 35. Rh1 Nc4 36. Rxh6 Rde8 37. Re6 R3xe6 38. dxe6 Rxe6 39. f4 Ne3 40.
Bh1 gxf4 41. Nxf4 Re5 42. Rh2 Re7 43. Rh6 Nf5 44. Rh8 Rg7 45. Kb2 Nxg3 46. Bc6
Kb6 47. Rc8 Nf5 48. Nd5+ Ka5 49. Rf8 Ne7 50. Nxe7 Rxe7 51. Rf6 Re2+ 52. Kc1 b4
53. cxb4+ Kxb4 54. Rxd6 c4 55. Rd7 c3 56. Rc7 a5 57. Ra7 Ra2 58. Bd7 Kc5 59.
Ra6 Kb4 60. Rb6+ Kc5 61. Rc6+ Kb4 62. Ra6 a4 63. Ra7 a3 64. Rb7+ Kc5 65. Rb3
Ra1+ 66. Kc2 Kd6 67. Bg4 a2 68. Ra3 Rb1 69. Ra6+ Kc5 70. Ra5+ Kb4 71. Rxa2 Rb2+
72. Rxb2+ cxb2 73. Kxb2 {Game drawn because neither player has mating material}
1/2-1/2

[Event "ICS rated blitz match"]
[Site "204.178.125.65"]
[Date "1999.08.10"]
[Round "?"]
[White "Hossa"]
[Black "libertad"]
[Result "0-1"]
[WhiteElo "2498"]
[BlackElo "2140"]
[PlyCount "69"]
[EventDate "1999.??.??"]

1. e4 c6 2. d4 d5 3. exd5 cxd5 4. c4 Nf6 5. Be3 Nc6 6. Nc3 Bf5 7. Rc1 e6 8.
cxd5 Nxd5 9. Bb5 Nxc3 10. Bxc6+ bxc6 11. bxc3 Ba3 12. Qf3 Bxc1 13. Qxc6+ Kf8
14. Bxc1 Qd5 15. Qxd5 exd5 16. Ba3+ Kg8 17. Bc5 Rb8 18. a3 Rb1+ 19. Kd2 a5 20.
Be7 h6 21. Bd8 Kh7 22. Bxa5 Re8 23. g4 Bg6 24. c4 dxc4 25. d5 Be4 26. f3 Bxd5
27. Kc2 Rf1 28. Bd2 Bxf3 29. Nxf3 Rxh1 30. g5 Rf1 31. Nd4 hxg5 32. Bxg5 Rf2+
33. Kc3 Rxh2 34. Kxc4 f6 35. Bf4 {Hossa resigns} 0-1

[Event "ICS rated blitz match"]
[Site "204.178.125.65"]
[Date "1999.08.10"]
[Round "?"]
[White "libertad"]
[Black "Hossa"]
[Result "1/2-1/2"]
[WhiteElo "2168"]
[BlackElo "2470"]
[PlyCount "62"]
[EventDate "1999.??.??"]

1. c4 c6 2. Nc3 d5 3. cxd5 cxd5 4. Nf3 d4 5. Ne4 Qd5 6. d3 e5 7. e3 Nc6 8. exd4
Nxd4 9. Be2 Bf5 10. Nxd4 Qxd4 11. O-O Bb4 12. a3 Be7 13. Qb3 b6 14. Be3 Qd7 15.
f4 exf4 16. Rxf4 Nf6 17. Raf1 Be6 18. Qc3 Rc8 19. Qe5 Qd5 20. Nxf6+ Bxf6 21.
Qxd5 Bxd5 22. Bf3 Bxf3 23. R1xf3 O-O 24. Ra4 Rc7 25. Rxf6 gxf6 26. Bh6 Re8 27.
Rg4+ Kh8 28. Bg7+ Kg8 29. Bh6+ Kh8 30. Bg7+ Kg8 31. Bh6+ 31... Kh8 {
Game drawn by repetition} 1/2-1/2

[Event "ICS rated blitz match"]
[Site "204.178.125.65"]
[Date "1999.08.10"]
[Round "?"]
[White "corruptor"]
[Black "Hossa"]
[Result "0-1"]
[WhiteElo "2717"]
[BlackElo "2459"]
[PlyCount "154"]
[EventDate "1999.??.??"]

1. e4 e6 2. d4 d5 3. Nc3 Bb4 4. e5 Ne7 5. a3 Bxc3+ 6. bxc3 O-O 7. Nf3 f6 8.
exf6 Rxf6 9. Bg5 Rf8 10. Bd3 c5 11. O-O Nbc6 12. dxc5 h6 13. Be3 e5 14. Be2 Rb8
15. Rb1 Be6 16. Nh4 Qa5 17. Qd2 Bf7 18. Ra1 Qa4 19. Nf3 Nf5 20. Rfb1 Nxe3 21.
Qxe3 a6 22. Rd1 Rbe8 23. Rdb1 Re7 24. Rb6 Bg6 25. Qd2 Be4 26. Ne1 Nd8 27. f3
Qa5 28. Qe3 Bf5 29. Rd6 Be6 30. Nd3 Qxc3 31. Qxe5 Qxc2 32. Qe3 Rfe8 33. Bf1 Nf7
34. Nf4 Qb2 35. Rc1 Nxd6 36. cxd6 d4 37. Qe1 Rf7 38. Nxe6 Qxa3 39. d7 Rxd7 40.
Bc4 Kh8 41. Rd1 b5 42. Rd3 Qd6 43. Bb3 Rde7 44. Qf2 Rxe6 45. Bxe6 Qxe6 46. Rxd4
Qe2 47. Rd6 a5 48. Rd5 Qc4 49. Qc5 Qxc5+ 50. Rxc5 Rb8 51. Kf2 a4 52. Ke3 b4 53.
Kd2 b3 54. Kc1 a3 55. Ra5 b2+ 56. Kb1 Rb3 57. h4 Rc3 58. Rxa3 Rxa3 59. Kxb2 Re3
60. Kc1 Re2 61. g4 Rf2 62. Kd1 Rxf3 63. Ke2 Rg3 64. g5 hxg5 65. hxg5 Kh7 66.
Kf2 Rb3 67. Kg2 Kg6 68. Kf2 Kxg5 69. Ke2 Kf4 70. Kd2 Rf3 71. Ke2 g5 72. Kd2 g4
73. Kc2 g3 74. Kb2 g2 75. Ka2 g1=Q 76. Kb2 Qg2+ 77. Kc1 77... Rf1# {
corruptor checkmated} 0-1

[Event "ICS rated blitz match"]
[Site "204.178.125.65"]
[Date "1999.08.10"]
[Round "?"]
[White "Hossa"]
[Black "corruptor"]
[Result "0-1"]
[WhiteElo "2485"]
[BlackElo "2691"]
[PlyCount "112"]
[EventDate "1999.??.??"]

1. d4 d5 2. c4 dxc4 3. e4 e5 4. Nf3 Bb4+ 5. Bd2 Bxd2+ 6. Nbxd2 exd4 7. Bxc4 Nc6
8. O-O Nf6 9. e5 Nd5 10. Qb3 Nce7 11. Nxd4 O-O 12. Rad1 c5 13. Ne2 Nb6 14. Ne4
Qc7 15. f4 Nf5 16. Rd3 Nh4 17. Rfd1 Bf5 18. Bd5 c4 19. Qc2 cxd3 20. Qxc7 dxe2
21. Ra1 Nxd5 22. Qc4 Nxg2 23. Qxd5 e1=Q+ 24. Rxe1 Nxe1 25. Nd6 Rad8 26. Qa5
Nf3+ 27. Kf2 Bg4 28. Kg3 Bh5 29. Qxa7 Ra8 30. Qxb7 Rxa2 31. Qb3 Ra1 32. h3 Rg1+
33. Kf2 Rh1 34. Kg2 Rh2+ 35. Kg3 Re2 36. Qb5 Nd2 37. Qd7 Nb3 38. Nc4 g6 39. Qd5
h6 40. h4 Rc8 41. Kh3 Kg7 42. Kg3 Rc7 43. Qd3 Nc5 44. Qd4 Rb7 45. e6+ Kh7 46.
exf7 Rb3+ 47. Ne3 Rbxe3+ 48. Qxe3 Rxe3+ 49. Kh2 Kg7 50. b4 Nd3 51. f8=Q+ Kxf8
52. f5 Re2+ 53. Kg3 gxf5 54. Kh3 f4 55. b5 Ne5 56. b6 56... Bg4# {
Hossa checkmated} 0-1

[Event "ICS rated blitz match"]
[Site "204.178.125.65"]
[Date "1999.08.10"]
[Round "?"]
[White "corruptor"]
[Black "Hossa"]
[Result "1-0"]
[WhiteElo "2698"]
[BlackElo "2478"]
[PlyCount "133"]
[EventDate "1999.??.??"]

1. e4 e6 2. d4 d5 3. Nc3 Bb4 4. e5 Ne7 5. Bd2 O-O 6. Nf3 f6 7. exf6 Rxf6 8. Bd3
c5 9. dxc5 Bxc5 10. O-O Nbc6 11. Ng5 h6 12. Nf3 e5 13. Na4 Bd6 14. Ne1 Nb4 15.
Be2 Bd7 16. c4 Qa5 17. Nc3 d4 18. Ne4 Rg6 19. Nxd6 Rxd6 20. a3 Qd8 21. Bxb4 Rf6
22. f3 Nc6 23. Bd2 Bf5 24. Bd3 Qb6 25. b4 Rd8 26. c5 Qc7 27. Qe2 Bxd3 28. Nxd3
Re8 29. b5 Nd8 30. Rae1 a6 31. b6 Qc6 32. Bb4 Nf7 33. Rf2 Qb5 34. Qe4 Re7 35.
f4 a5 36. Bd2 Rfe6 37. fxe5 Nxe5 38. Nxe5 Rxe5 39. Qxe5 Rxe5 40. Rxe5 a4 41.
Rf3 Qb1+ 42. Kf2 Qc2 43. Ke2 Qg6 44. g3 Qg4 45. c6 d3+ 46. Ke3 Qg6 47. cxb7
Qxb6+ 48. Kxd3 Qxb7 49. Ke2 Qa6+ 50. Kf2 Qc4 51. Kg2 Qc2 52. Rd5 Qe4 53. Rd8+
Kh7 54. Kf2 g5 55. Rd7+ Kg8 56. Rff7 Qe5 57. Rfe7 Qc5+ 58. Kg2 Qc6+ 59. Kh3 Qc8
60. Bc3 g4+ 61. Kh4 Kf8 62. Rf7+ Kg8 63. Rg7+ Kf8 64. Bb4+ Qc5 65. Bxc5+ Ke8
66. Rge7+ Kf8 67. Rd8# {Hossa checkmated} 1-0

[Event "ICS rated blitz match"]
[Site "204.178.125.65"]
[Date "1999.08.10"]
[Round "?"]
[White "Hossa"]
[Black "corruptor"]
[Result "1/2-1/2"]
[WhiteElo "2471"]
[BlackElo "2705"]
[PlyCount "161"]
[EventDate "1999.??.??"]

1. d4 d5 2. c4 dxc4 3. e4 Nf6 4. e5 Nd5 5. Bxc4 Nc6 6. Ne2 Nb6 7. Bb3 Bf5 8.
Nbc3 e6 9. O-O Be7 10. Bf4 Nb4 11. Na4 Nd3 12. Qd2 Nxf4 13. Qxf4 O-O 14. Nc5
Rb8 15. Qf3 c6 16. a3 Nd5 17. Bxd5 Qxd5 18. Qxd5 exd5 19. Rac1 f6 20. f4 Bg4
21. Ng3 b6 22. Nd3 c5 23. h3 Bc8 24. Ne2 Bf5 25. Nf2 Rbe8 26. g4 Bd7 27. Nd3
fxe5 28. dxe5 Bh4 29. Nc3 Bc6 30. Ne2 Bb5 31. Rcd1 d4 32. g5 a6 33. b4 Rd8 34.
bxc5 bxc5 35. Nec1 c4 36. Nc5 c3 37. Ne6 Bxf1 38. Nxd8 Rxd8 39. Kxf1 Bg3 40.
Nd3 Bxf4 41. Nxf4 Rf8 42. Ke2 Rxf4 43. Rb1 Kf7 44. Rb6 a5 45. Kd3 Rf1 46. Rc6
Rd1+ 47. Ke4 Ke7 48. Kd5 Kd7 49. e6+ Kd8 50. Rd6+ Ke8 51. Ra6 Rb1 52. Ra8+ Ke7
53. Ra7+ Kd8 54. Ra8+ Ke7 55. Ra7+ Kd8 56. Ra8+ Kc7 57. e7 Re1 58. e8=Q Rxe8
59. Rxe8 d3 60. Re7+ Kb6 61. Re6+ Kb5 62. a4+ Kxa4 63. Re4+ Kb3 64. Rd4 d2 65.
Rd3 Kb4 66. Rd4+ Kb5 67. g6 c2 68. gxh7 d1=Q 69. h8=Q Qf3+ 70. Ke5 Qg3+ 71. Rf4
Qc3+ 72. Rd4 c1=Q 73. Qb8+ Ka6 74. Qa8+ Kb5 75. Qb8+ Kc5 76. Qa7+ Kc6 77. Qa8+
Kb6 78. Qb8+ Ka6 79. Qa8+ Kb6 80. Qb8+ Ka6 81. Qa8+ {Game drawn by repetition}
1/2-1/2

[Event "ICS rated blitz match"]
[Site "204.178.125.65"]
[Date "1999.08.10"]
[Round "?"]
[White "corruptor"]
[Black "Hossa"]
[Result "0-1"]
[WhiteElo "2696"]
[BlackElo "2480"]
[PlyCount "68"]
[EventDate "1999.??.??"]

1. e4 e6 2. d4 d5 3. Nc3 Bb4 4. e5 Ne7 5. Bd2 O-O 6. Nf3 f6 7. exf6 Rxf6 8. Bd3
c5 9. dxc5 Bxc5 10. O-O Nbc6 11. Ng5 h6 12. Nf3 e5 13. Na4 Bd6 14. Ne1 Nb4 15.
Be2 Be6 16. c3 Nbc6 17. Nd3 Qc7 18. Ndc5 Bf5 19. Qe1 e4 20. h3 Raf8 21. Rd1 Ne5
22. Be3 Qc6 23. b4 b6 24. b5 Qc8 25. Nb3 Bxh3 26. Bg5 Nf3+ 27. Bxf3 exf3 28.
gxf3 Rg6 29. Qe3 Rxg5+ 30. Qxg5 hxg5 31. Rfe1 Qf5 32. Nd2 Qf4 33. Re5 Bxe5 34.
Nf1 34... Qxf3 {corruptor resigns} 0-1

[Event "ICS rated blitz match"]
[Site "204.178.125.65"]
[Date "1999.08.10"]
[Round "?"]
[White "Hossa"]
[Black "corruptor"]
[Result "0-1"]
[WhiteElo "2505"]
[BlackElo "2694"]
[PlyCount "152"]
[EventDate "1999.??.??"]

1. d4 d5 2. c4 dxc4 3. e4 e5 4. Nf3 Bb4+ 5. Bd2 Bxd2+ 6. Nbxd2 exd4 7. Bxc4 Nc6
8. O-O Qf6 9. e5 Qg6 10. Bb5 Bg4 11. Qa4 Nge7 12. Qxd4 O-O 13. Qf4 Rad8 14.
Rad1 Rfe8 15. Rfe1 Qf5 16. Qxf5 Bxf5 17. a3 a6 18. Bxc6 Nxc6 19. h3 Rd5 20. g4
Bg6 21. Rc1 Red8 22. Nc4 Bd3 23. Ne3 Rb5 24. Nd1 a5 25. Ng5 a4 26. f4 h6 27.
Nf3 Rb3 28. Rc3 Ne7 29. Rxb3 axb3 30. Nf2 Bc2 31. Re2 c5 32. h4 c4 33. Rd2 Rxd2
34. Nxd2 c3 35. bxc3 b2 36. f5 b1=Q+ 37. Nxb1 Bxb1 38. c4 Nc6 39. e6 fxe6 40.
fxe6 Ba2 41. e7 Kf7 42. Ne4 Kxe7 43. c5 Ne5 44. Nd6 Bd5 45. Kf2 Nxg4+ 46. Kg3
Ne5 47. h5 Nd3 48. Kh4 Nxc5 49. Nb5 Bf7 50. Nd4 g5+ 51. hxg6 Bxg6 52. Nf3 Kd6
53. Nh2 Ne4 54. Ng4 h5 55. Nh2 Ke5 56. Nf3+ Ke6 57. Nd4+ Kd6 58. Nf3 b6 59. Ne1
Ke5 60. Nd3+ Kf5 61. Nc1 Nd2 62. Ne2 Ke5 63. Kg5 Be8 64. Nc3 Nf3+ 65. Kh6 h4
66. Kg7 h3 67. Nd1 h2 68. Nf2 Kf4 69. Nh1 Ne5 70. Nf2 Ng4 71. Nd3+ Ke4 72. Nb4
h1=Q 73. Kf8 Qh8+ 74. Ke7 Qg7+ 75. Kxe8 Nf6+ 76. Kd8 76... Qd7# {
Hossa checkmated} 0-1